Alle eingesetzten Torhüter von Borussia Dortmund seit 1990 - Statistiken

Allgemein
  • Dieses Quiz wurde 154 mal gespielt
  • Das Durchschnittsergebnis liegt bei 9 aus 16
Antwortstatistiken
Zeitraum Einsätze Spieler % Korrekt
2002-2018 349 Roman Weidenfeller
99%
seit 2021 83 Gregor Kobel
98%
2015-2022 176 Roman Bürki
97%
seit 2022 15 Alex Meyer
82%
2018-2022 27 Marwin Hitz
81%
2010-2015 19 Mitchell Langerak
79%
1999-2003 129 Jens Lehmann
73%
1990-2000 254 Stefan Klos
58%
1986-1997 181 Wolfgang de Beer
47%
1996 1 Toni Schumacher
37%
2007-2010 23 Marc Ziegler
32%
2003-2005 25 Guillaume Warmuz
27%
2000-2002 8 Philipp Laux
17%
2006 10 Dennis Gentenaar
11%
2008 5 Marcel Höttecke
11%
2008 1 Alexander Bade
9%
Keine übereinstimmenden Quizze gefunden
Verteilung der Resultate
Anzahl Personen mit jedem Resultat
Perzentil nach korrekt beantworteten Fragen
Ihre Resultats-Entwicklung
Sie haben dieses Quiz noch nicht gespielt